Устройство высокопроизводительного размагничивания длинномерных изделий с улучшенной характеристикой размагничивания на концах; Современные техника и технологии; Т. 1

Dettagli Bibliografici
Parent link:Современные техника и технологии: X Юбилейная международная научно-практическая конференция студентов, аспирантов и молодых ученых, посвященная 400-летию г. Томска, Томск, 29 марта - 2 апреля 2004 г./ Томский политехнический университет.— , 2004
Т. 1.— 2004.— С. 130-131
Autore principale: Уразбеков Е. И. Евгений Иванович
Altri autori: Корниенко А. И.
Lingua:russo
Pubblicazione: 2004
Soggetti:
Natura: MixedMaterials Capitolo di libro
KOHA link:https://koha.lib.tpu.ru/cgi-bin/koha/opac-detail.pl?biblionumber=183176

MARC

LEADER 00000naa2a2200000 4500
001 183176
005 20251205104921.0
035 |a (RuTPU)RU\TPU\book\198556 
090 |a 183176 
100 |a 20100702d2004 k y0rusy50 ca 
101 0 |a rus 
102 |a RU 
200 1 |a Устройство высокопроизводительного размагничивания длинномерных изделий с улучшенной характеристикой размагничивания на концах  |f Е. И. Уразбеков, А. И. Корниенко 
320 |a Библиогр.: 5 назв. 
461 1 |0 (RuTPU)RU\TPU\book\66154  |t Современные техника и технологии  |o X Юбилейная международная научно-практическая конференция студентов, аспирантов и молодых ученых, посвященная 400-летию г. Томска, Томск, 29 марта - 2 апреля 2004 г.  |o труды  |f Томский политехнический университет  |d 2004 
463 0 |0 (RuTPU)RU\TPU\book\65882  |t Т. 1  |v С. 130-131  |d 2004 
610 1 |a размагничивание 
610 1 |a длинномерные изделия 
610 1 |a структурные схемы 
610 1 |a устройства 
610 1 |a труды учёных ТПУ 
700 1 |a Уразбеков  |b Е. И.  |c российский учёный в области информационно-измерительной техники  |c ассистент Томского политехнического университета  |g Евгений Иванович  |3 (RuTPU)RU\TPU\pers\26485 
701 1 |a Корниенко  |b А. И. 
801 1 |a RU  |b 63413507  |c 20100702 
801 2 |a RU  |b 63413507  |c 20140329  |g RCR 
942 |c BK